Signals systems (Record no. 189213)

000 -LEADER
fixed length control field 00905 a2200205 4500
003 - CONTROL NUMBER IDENTIFIER
control field Nust
005 - DATE AND TIME OF LATEST TRANSACTION
control field 20220818122834.0
022 ## - INTERNATIONAL STANDARD SERIAL NUMBER
International Standard Serial Number 9788120312463
040 ## - CATALOGING SOURCE
Transcribing agency Nust
082 ## - DEWEY DECIMAL CLASSIFICATION NUMBER
Classification number 621.3822,OPP
100 ## - MAIN ENTRY--PERSONAL NAME
Personal name Alan v. Oppenhem
9 (RLIN) 296
110 ## - MAIN ENTRY--CORPORATE NAME
Corporate name or jurisdiction name as entry element Alan S. Willsky
9 (RLIN) 98000
245 ## - TITLE STATEMENT
Title Signals systems
Statement of responsibility, etc. Alan v. Oppenhem
250 ## - EDITION STATEMENT
Edition statement 2nd
260 ## - PUBLICATION, DISTRIBUTION, ETC.
Place of publication, distribution, etc. PHI Learning
300 ## - PHYSICAL DESCRIPTION
Extent XV, 957p
505 ## - FORMATTED CONTENTS NOTE
Formatted contents note Signal and Systems (Page-1), Linear Time Invariant Systems (Page-74), Fourier Series Representation of Periodic Signal (Page-177), The Continuous – Time Fourier Transform (Page- 284),The Discrete Time Fourier Transform (Page-358), Time and Frequency Characterization (Page-423) Sampling (Page-514), Communication Systems (Page-582), The Laplace Transform (Page-654)The Z- Transform (Page-741), Linear Feedback System (Page-816).
650 ## - SUBJECT ADDED ENTRY--TOPICAL TERM
Topical term or geographic name entry element Telecommunication engineering
942 ## - ADDED ENTRY ELEMENTS (KOHA)
Source of classification or shelving scheme
Koha item type Book
Holdings
Withdrawn status Lost status Source of classification or shelving scheme Damaged status Not for loan Permanent Location Current Location Shelving location Date acquired Full call number Barcode Date last seen Price effective from Koha item type Public note Total Checkouts Date last checked out
          Military College of Signals (MCS) Military College of Signals (MCS) Reference 12/12/2016 621.3822,OPP MCS34996 05/21/2025 12/12/2016 Reference Almirah No.22, Shelf No.5    
          Military College of Signals (MCS) Military College of Signals (MCS) Reference 12/12/2016 621.3822,OPP MCS34997 03/12/2025 12/12/2016 Reference Almirah No.22, Shelf No.5 1 08/12/2022
          Military College of Signals (MCS) Military College of Signals (MCS) General Stacks 12/12/2016 621.3822,OPP MCS34998 03/12/2025 12/12/2016 Book Almirah No.36, Shelf No.5 1 02/28/2024
          Military College of Signals (MCS) Military College of Signals (MCS) General Stacks 08/16/2025 621.3822,OPP MCS28527 08/16/2025 08/16/2025 Book Almirah No.36, Shelf No.5    
© 2023 Central Library, National University of Sciences and Technology. All Rights Reserved.